Statistiques concernant Films avec Jean Gabin par image

Cliquez ici pour prendre le quiz!

Statistiques générales

  • Ce quiz a été pris 64 fois
  • Le résultat moyen est 9 sur 16

Statistiques - réponses

Réponse% Correct
La Traversée de Paris
89%
Le Tatoué
78%
Le Chat
73%
Le Quai des brumes
73%
Un singe en hiver
71%
Le Clan des Siciliens
69%
Les Misérables
69%
Le Président
67%
La Bête humaine
62%
Touchez pas au grisbi
53%
Les Vieux de la vieille
49%
Le Pacha
44%
French Cancan
42%
Archimède le clochard
38%
Mélodie en sous-sol
38%
Gueule d'amour
7%

Distribution des résultats

Percentile par nombre de réponses

% des personnes avec chaque résultat

Votre développement - résultats

Vous n’avez pas pris ce quiz